[Event "Festival"]
[Site "Baigno - Camugnano ITA"]
[Date "1994.06.??"]
[Round "?"]
[White "Drei, Andrea"]
[Black "Luciani, Valerio"]
[Result "1-0"]
[WhiteElo "2240"]
[BlackElo "2230"]
[PlyCount "65"]
[EventDate "1994.06.19"]

1. e4 e6 2. d4 d5 3. Nd2 c5 4. exd5 exd5 5. Ngf3 Nc6 6. Be2 Bd6 7. O-O Nge7 8.
dxc5 Bxc5 9. Nb3 Bd6 10. Bd3 h6 11. Re1 O-O 12. Nbd4 a6 13. h3 Qc7 14. c3 Bd7
15. Be3 Ne5 16. Nxe5 Bxe5 17. Qh5 Rfe8 18. Bxh6 Bxd4 19. cxd4 gxh6 20. Re3 Qd6
21. Rg3+ Kf8 22. Bh7 Rec8 23. Re1 Be6 24. Qxh6+ Ke8 25. Qf6 Kd7 26. Rg7 Rf8 27.
f4 Qb4 28. Re2 Ke8 29. f5 Qc4 30. Re1 Qb4 31. Qh4 Nxf5 32. Bxf5 Qd6 33. Rxe6+
1-0

[Event "Festival"]
[Site "Baigno - Camugnano ITA"]
[Date "1994.06.??"]
[Round "?"]
[White "Ferretti, Folco"]
[Black "Mauro, Alan"]
[Result "1-0"]
[WhiteElo "2290"]
[BlackElo "2260"]
[PlyCount "77"]
[EventDate "1994.06.19"]

1. e4 c5 2. c3 Nf6 3. e5 Nd5 4. Nf3 e6 5. d4 cxd4 6. cxd4 b6 7. Nc3 Bb7 8. Bd3
Be7 9. O-O O-O 10. Qe2 Nxc3 11. bxc3 f5 12. c4 Kh8 13. Bb2 g5 14. h3 Qe8 15. d5
Na6 16. Nd4 Nc5 17. Bc2 Rc8 18. Nb5 Qg6 19. Rad1 g4 20. hxg4 Qxg4 21. Qxg4 fxg4
22. Nd6 Bxd6 23. exd6+ Kg8 24. Rd4 h5 25. Bg6 e5 26. Rdd1 Na4 27. Bxe5 Rxc4 28.
Rfe1 Nc3 29. Bxc3 Rxc3 30. Re7 g3 31. fxg3 Bxd5 32. Bxh5 Bc6 33. Rd4 Rxg3 34.
Rg4+ Rxg4 35. Bxg4 Rf7 36. Re3 Rf6 37. Re8+ Kg7 38. Re7+ Rf7 39. Bh5 1-0

[Event "Festival"]
[Site "Baigno - Camugnano ITA"]
[Date "1994.06.??"]
[Round "?"]
[White "Luciani, Valerio"]
[Black "Pieri, Filippo"]
[Result "1-0"]
[WhiteElo "2230"]
[BlackElo "2225"]
[PlyCount "59"]
[EventDate "1994.06.19"]

1. Nf3 c5 2. g3 Nc6 3. Bg2 g6 4. O-O Bg7 5. d3 Nf6 6. c3 O-O 7. e4 d6 8. h3 e5
9. Be3 h6 10. Nbd2 Be6 11. d4 exd4 12. cxd4 cxd4 13. Nxd4 Nxd4 14. Bxd4 d5 15.
e5 Nd7 16. f4 Rc8 17. Nb3 b6 18. Rc1 Qe7 19. Rxc8 Rxc8 20. g4 f5 21. exf6 Nxf6
22. Re1 Ne4 23. f5 gxf5 24. gxf5 Bf7 25. f6 Bxf6 26. Qg4+ Kh7 27. Qxc8 Be6 28.
Bxf6 Qxf6 29. Bxe4+ dxe4 30. Qb7+ 1-0

[Event "Festival"]
[Site "Baigno - Camugnano ITA"]
[Date "1994.06.??"]
[Round "?"]
[White "Mileto, Gabriele"]
[Black "Vicari, Luigi"]
[WhiteElo "2225"]
[BlackElo "1900"]
[Result "1-0"]
[PlyCount "39"]
[EventDate "1994.06.19"]

1. d4 d5 2. c4 e6 3. g3 Nf6 4. Nf3 c5 5. cxd5 exd5 6. Bg2 Bd7 7. Nc3 Bc6 8. O-O
Nbd7 9. e4 dxe4 10. d5 Nxd5 11. Nxd5 Bxd5 12. Qxd5 exf3 13. Qxf3 Bd6 14. Re1+
Kf8 15. Qxb7 Rb8 16. Qxa7 h5 17. h4 c4 18. Be3 Ne5 19. Bc5 Nd3 20. Bd5 1-0

[Event "Festival"]
[Site "Baigno - Camugnano ITA"]
[Date "1994.06.??"]
[Round "?"]
[White "Samaritani, Fabio"]
[Black "De Gregorio, Massimiliano"]
[Result "1-0"]
[WhiteElo "2265"]
[BlackElo "2090"]
[PlyCount "35"]
[EventDate "1994.06.19"]

1. e4 c5 2. Nf3 Nc6 3. Bb5 e5 4. O-O Nge7 5. c3 a6 6. Ba4 b5 7. Bc2 Ng6 8. d4
d6 9. a4 Bb7 10. axb5 axb5 11. Rxa8 Qxa8 12. Na3 Ba6 13. d5 Na7 14. b4 c4 15.
Be3 Be7 16. Qa1 Qb7 17. Bxa7 Qxa7 18. Nxb5 1-0

[Event "Festival"]
[Site "Baigno - Camugnano ITA"]
[Date "1994.06.??"]
[Round "?"]
[White "Samaritani, Fabio"]
[Black "Drei, Andrea"]
[Result "0-1"]
[WhiteElo "2265"]
[BlackElo "2240"]
[PlyCount "42"]
[EventDate "1994.06.19"]

1. e4 c5 2. Nf3 e6 3. Nc3 Nc6 4. Bb5 Nd4 5. Bc4 a6 6. Nxd4 cxd4 7. Ne2 Nf6 8.
d3 e5 9. O-O Be7 10. f4 d6 11. Ng3 Bg4 12. Qe1 Rc8 13. f5 h5 14. h3 h4 15. Nh1
Bh5 16. Bg5 Nd7 17. Bxe7 Qxe7 18. Rc1 Qg5 19. c3 O-O 20. Bd5 Nc5 21. Nf2 Bf3
0-1

[Event "Festival"]
[Site "Baigno - Camugnano ITA"]
[Date "1994.06.??"]
[Round "?"]
[White "Vujovic, Milorad"]
[Black "Balzan, Roberto"]
[Result "1-0"]
[WhiteElo "2260"]
[BlackElo "2175"]
[PlyCount "61"]
[EventDate "1994.06.19"]

1. e4 e6 2. d3 d5 3. Nd2 c5 4. g3 Nc6 5. Bg2 Nf6 6. Ngf3 Be7 7. O-O O-O 8. Qe2
b5 9. e5 Nd7 10. Re1 Qc7 11. h4 a5 12. Nf1 b4 13. Bf4 Ba6 14. N1h2 a4 15. Ng4
c4 16. dxc4 Bxc4 17. Qd1 Qb6 18. Ng5 Qd4 19. Qc1 Qb6 20. Qb1 Rfc8 21. b3 Bxg5
22. hxg5 Bb5 23. Qd1 axb3 24. Nf6+ gxf6 25. gxf6 Kf8 26. Qg4 Qc5 27. Bh6+ Ke8
28. Qg8+ Nf8 29. cxb3 Kd7 30. Qxf7+ Ne7 31. Rac1 1-0

[Event "Festival"]
[Site "Baigno - Camugnano ITA"]
[Date "1994.06.??"]
[Round "4"]
[White "Vicari, Luigi"]
[Black "Balzan, Roberto"]
[Result "0-1"]
[WhiteElo "1900"]
[BlackElo "2175"]
[PlyCount "92"]
[EventDate "1994.06.19"]

1. e4 e6 2. Nc3 d5 3. d4 Nf6 4. e5 Nfd7 5. Nf3 c5 6. Bb5 Nc6 7. O-O Qb6 8. Be3
a6 9. Bxc6 bxc6 10. Na4 Qa5 11. Nxc5 Nxc5 12. dxc5 Bxc5 13. Bxc5 Qxc5 14. Qd2
O-O 15. Rfd1 a5 16. Rac1 Ba6 17. Nd4 Qb6 18. Qc3 Rfc8 19. Nb3 Bc4 20. Nd2 Ba6
21. b3 c5 22. Qe3 Bb7 23. Re1 Qc6 24. Qg3 a4 25. Ra1 Ra7 26. c4 Rca8 27. cxd5
exd5 28. Rac1 Qb6 29. Qe3 d4 30. Qg5 h6 31. Qf4 Bd5 32. Nc4 Bxc4 33. bxc4 Rd8
34. Rb1 Qe6 35. Qh4 Rad7 36. f4 Qxc4 37. f5 Re8 38. Rb6 Qd5 39. Rxh6 gxh6 40.
Qxh6 f6 41. Qg6+ Kf8 42. Qh6+ Rg7 43. Qxf6+ Kg8 44. g3 Rf8 45. Qe6+ Qxe6 46.
fxe6 Re7 0-1

[Event "V Open"]
[Site "Cattolica ITA"]
[Date "1994.??.??"]
[Round "?"]
[White "Agrest, Evgenij"]
[Black "Bagirov, Vladimir K."]
[Result "1-0"]
[WhiteElo "2475"]
[BlackElo "2525"]
[PlyCount "87"]
[EventDate "1994.??.??"]

1. d4 d5 2. c4 c6 3. Nc3 e6 4. e3 Nd7 5. Qc2 Ngf6 6. Nf3 Bd6 7. Be2 O-O 8. O-O
dxc4 9. Bxc4 b5 10. Bd3 Bb7 11. e4 e5 12. Rd1 Qc7 13. h3 a6 14. Bg5 exd4 15.
Nxd4 h6 16. Be3 Rfe8 17. Nf5 Bh2+ 18. Kh1 Bf4 19. a4 Bxe3 20. Nxe3 Nc5 21. axb5
cxb5 22. Ncd5 Bxd5 23. exd5 Qb6 24. Kg1 Rad8 25. Rac1 Nxd3 26. Rxd3 Rd6 27.
Rcd1 g6 28. Rc3 Red8 29. Rc6 Qa7 30. Qc3 h5 31. Qe5 Ne8 32. Rdc1 a5 33. g4 hxg4
34. hxg4 Qd7 35. Qg5 Ng7 36. Rc7 Qe8 37. Re7 Qf8 38. Rcc7 Ne8 39. Ra7 Qg7 40.
Qf4 Rf6 41. Qe5 Kf8 42. g5 Rf3 43. Qe4 Rh3 44. Rxf7+ 1-0

[Event "V Open"]
[Site "Cattolica ITA"]
[Date "1994.??.??"]
[Round "?"]
[White "Aseev, Konstantin N."]
[Black "Magerramov, Elmar"]
[WhiteElo "2545"]
[BlackElo "2525"]
[Result "1-0"]
[PlyCount "91"]
[EventDate "1994.??.??"]

1. d4 d5 2. c4 c6 3. Nf3 Nf6 4. Nc3 e6 5. Bg5 h6 6. Bxf6 Qxf6 7. e3 Nd7 8. Bd3
dxc4 9. Bxc4 g6 10. O-O Bg7 11. Rc1 Qe7 12. a3 O-O 13. Re1 b6 14. e4 Rd8 15.
Qe2 Bb7 16. e5 Rab8 17. Rcd1 b5 18. Ba2 c5 19. d5 c4 20. Qe3 a6 21. d6 Qf8 22.
Qf4 g5 23. Qd4 Rbc8 24. Bb1 Rc5 25. Be4 Bxe4 26. Rxe4 Rc6 27. Ree1 f5 28. exf6
Nxf6 29. Rxe6 Qf7 30. Rde1 g4 31. Nh4 Qh5 32. Rxf6 Bxf6 33. Qxf6 Rcxd6 34. Qe7
Qg5 35. Qxg5+ hxg5 36. Nf5 Rd2 37. Rb1 a5 38. Ne3 b4 39. axb4 axb4 40. Ne4 R2d4
41. Nf6+ Kf7 42. Nfxg4 c3 43. bxc3 bxc3 44. Rb7+ Kf8 45. h3 Rc8 46. Rb5 1-0

[Event "V Open"]
[Site "Cattolica ITA"]
[Date "1994.??.??"]
[Round "?"]
[White "Aseev, Konstantin N."]
[Black "Schmidt-Brauns, Joachim"]
[WhiteElo "2545"]
[BlackElo "2200"]
[Result "1-0"]
[PlyCount "31"]
[EventDate "1994.??.??"]

1. e4 c5 2. Nf3 e6 3. d4 cxd4 4. Nxd4 Nf6 5. Nc3 Bb4 6. e5 Ne4 7. Ndb5 d5 8.
exd6 Nxd6 9. Qg4 Bxc3+ 10. bxc3 Nf5 11. Ba3 h5 12. Qf4 Na6 13. Rd1 Qf6 14. Nc7+
Nxc7 15. Qa4+ b5 16. Bxb5+ 1-0

[Event "V Open"]
[Site "Cattolica ITA"]
[Date "1994.??.??"]
[Round "?"]
[White "Bagirov, Vladimir K."]
[Black "Glatt, Gabor"]
[WhiteElo "2525"]
[BlackElo "2295"]
[Result "1-0"]
[PlyCount "43"]
[EventDate "1994.??.??"]

1. b3 e5 2. Bb2 Nc6 3. c4 g6 4. g3 Bg7 5. Bg2 Nge7 6. Nc3 O-O 7. d3 d6 8. Qd2
a6 9. e3 Kh8 10. Nge2 Bd7 11. O-O Nf5 12. Rae1 h5 13. Nd5 b6 14. d4 exd4 15. e4
d3 16. Nef4 Nfd4 17. Nxd3 Bh3 18. f4 Bxg2 19. Kxg2 Qd7 20. f5 gxf5 21. exf5 f6
22. Qf2 1-0

[Event "V Open"]
[Site "Cattolica ITA"]
[Date "1994.??.??"]
[Round "?"]
[White "Bagirov, Vladimir K."]
[Black "Godena, Michele"]
[Result "1/2-1/2"]
[WhiteElo "2525"]
[BlackElo "2480"]
[PlyCount "36"]
[EventDate "1994.??.??"]

1. d4 e6 2. Nf3 d5 3. c4 c6 4. Nc3 Nf6 5. e3 a6 6. b3 Bb4 7. Bd2 Nbd7 8. Bd3
O-O 9. O-O Bd6 10. e4 dxc4 11. bxc4 e5 12. c5 Bc7 13. Na4 exd4 14. h3 Re8 15.
Re1 Nf8 16. Rb1 Ne6 17. Qc2 Nd7 18. e5 h6 1/2-1/2

[Event "V Open"]
[Site "Cattolica ITA"]
[Date "1994.??.??"]
[Round "?"]
[White "Barbero, Gerardo F."]
[Black "Magerramov, Elmar"]
[WhiteElo "2480"]
[BlackElo "2525"]
[Result "0-1"]
[PlyCount "82"]
[EventDate "1994.??.??"]

1. d4 Nf6 2. Bg5 Ne4 3. Bf4 d5 4. f3 Nf6 5. e4 dxe4 6. Nc3 exf3 7. Nxf3 c6 8.
Bc4 e6 9. O-O Be7 10. Ne5 O-O 11. Kh1 Nbd7 12. Bd3 c5 13. Nxd7 Bxd7 14. dxc5
Bxc5 15. Bg5 Be7 16. Qf3 Bc6 17. Qh3 g6 18. Rad1 Nd7 19. Bh6 Re8 20. Bc1 f5 21.
Bc4 Bg5 22. Rfe1 Bxc1 23. Rxe6 Kg7 24. Rxe8 Qxe8 25. Rxc1 Qe5 26. Qh4 Re8 27.
Rd1 Nf6 28. Be2 f4 29. Qf2 g5 30. Bf3 Re7 31. Kg1 g4 32. Bxc6 g3 33. hxg3 fxg3
34. Qf3 bxc6 35. Kf1 Rf7 36. Re1 Qg5 37. Ke2 Nh5 38. Qxc6 Rf2+ 39. Kd3 Qd2+ 40.
Kc4 Qxe1 41. Qd7+ Kh6 0-1

[Event "V Open"]
[Site "Cattolica ITA"]
[Date "1994.??.??"]
[Round "?"]
[White "Barbero, Gerardo F."]
[Black "Malaniuk, Vladimir P."]
[WhiteElo "2480"]
[BlackElo "2595"]
[Result "0-1"]
[PlyCount "110"]
[EventDate "1994.??.??"]

1. d4 f5 2. Nf3 Nf6 3. g3 g6 4. Bg2 Bg7 5. O-O O-O 6. b3 d6 7. Bb2 Ng4 8. c4
Nd7 9. Nc3 e5 10. dxe5 dxe5 11. e4 Nh6 12. Qc2 c6 13. Rad1 Qe8 14. Ba3 Rf6 15.
exf5 gxf5 16. Rfe1 e4 17. Nh4 Ne5 18. Nxe4 fxe4 19. Bxe4 Bg4 20. Rd6 Kh8 21.
Bxh7 Bf5 22. Bxf5 Nxf5 23. Rxe5 Qxe5 24. Ng6+ Rxg6 25. Rxg6 Rd8 26. Kg2 Nd4 27.
Qd3 Qf5 28. Qxf5 Nxf5 29. Rg5 Nd4 30. Bb2 Kh7 31. Rg4 c5 32. Re4 a6 33. Re7 b5
34. Ra7 Rd6 35. b4 bxc4 36. bxc5 Rd5 37. c6 Ne6 38. Ba3 Rd8 39. c7 Rc8 40. Bd6
c3 41. Rxa6 Nd4 42. Ra5 Bh6 43. Rc5 c2 44. f4 Nf5 45. Be5 Bf8 46. Rc6 Ba3 47.
Kf3 c1=Q 48. Rxc1 Bxc1 49. Ke4 Ne3 50. Bd6 Kg6 51. h3 Kf6 52. g4 Ke6 53. Be5
Nc4 54. f5+ Kd7 55. Bh2 Nd6+ 0-1

[Event "V Open"]
[Site "Cattolica ITA"]
[Date "1994.??.??"]
[Round "?"]
[White "Dvoirys, Semen I."]
[Black "Agrest, Evgenij"]
[WhiteElo "2550"]
[BlackElo "2475"]
[Result "1-0"]
[PlyCount "77"]
[EventDate "1994.??.??"]

1. e4 c5 2. Nf3 e6 3. d4 cxd4 4. Nxd4 Qb6 5. Na3 a6 6. Nc4 Qc7 7. a4 d6 8. a5
Nd7 9. Bd3 Ngf6 10. O-O Be7 11. Kh1 O-O 12. Bg5 b5 13. axb6 Nxb6 14. Na5 Bd7
15. f4 Na4 16. b4 Nb2 17. Qd2 Nxd3 18. cxd3 Qb6 19. Qb2 Rab8 20. Rfc1 Rfc8 21.
Rxc8+ Rxc8 22. Nc4 Qb7 23. e5 d5 24. exf6 gxf6 25. Nd6 Bxd6 26. Bxf6 Bxf4 27.
Rf1 Qc7 28. Qe2 e5 29. g3 Bc1 30. Bxe5 Qb6 31. Nb3 Bh6 32. Nc5 d4 33. Nxd7 Qc6+
34. Qe4 Qxd7 35. Bxd4 Qc6 36. Re1 f6 37. Bc5 Bf8 38. Qxc6 Rxc6 39. Re8 1-0

[Event "V Open"]
[Site "Cattolica ITA"]
[Date "1994.??.??"]
[Round "?"]
[White "Dvoirys, Semen I."]
[Black "Sermek, Drazen"]
[Result "1-0"]
[WhiteElo "2550"]
[BlackElo "2520"]
[PlyCount "39"]
[EventDate "1994.??.??"]

1. e4 c5 2. Nf3 e6 3. d4 cxd4 4. Nxd4 Nf6 5. Nc3 Nc6 6. Ndb5 d6 7. Bf4 e5 8.
Bg5 a6 9. Na3 b5 10. Bxf6 gxf6 11. Nd5 Bg7 12. c3 f5 13. exf5 Bxf5 14. Nc2 Be6
15. g3 O-O 16. Bg2 Rb8 17. O-O a5 18. Qh5 Qd7 19. Rad1 Kh8 20. Nf6 1-0

[Event "V Open"]
[Site "Cattolica ITA"]
[Date "1994.??.??"]
[Round "?"]
[White "Gleizerov, Evgeny"]
[Black "Naumkin, Igor"]
[WhiteElo "2535"]
[BlackElo "2455"]
[Result "1-0"]
[PlyCount "53"]
[EventDate "1994.??.??"]

1. d4 e6 2. c4 f5 3. g3 Nf6 4. Bg2 Be7 5. Nh3 O-O 6. O-O d6 7. Qb3 c6 8. Nc3
Kh8 9. d5 e5 10. Ng5 Ne8 11. Ne6 Bxe6 12. Qxb7 Nc7 13. dxe6 e4 14. f3 Nxe6 15.
fxe4 Nc5 16. Qxa8 Qb6 17. Kh1 Nbd7 18. Nd5 Qa6 19. Nb4 Qxc4 20. Qxc6 Qxb4 21.
exf5 Nb6 22. Qc7 Bf6 23. Qxd6 Rd8 24. Qf4 Rd4 25. Qf3 Rc4 26. Be3 Qxb2 27. Rac1
1-0

[Event "V Open"]
[Site "Cattolica ITA"]
[Date "1994.??.??"]
[Round "?"]
[White "Godena, Michele"]
[Black "Gleizerov, Evgeny"]
[WhiteElo "2480"]
[BlackElo "2535"]
[Result "1/2-1/2"]
[PlyCount "56"]
[EventDate "1994.??.??"]

1. e4 e6 2. d4 d5 3. Nd2 Nf6 4. e5 Nfd7 5. Bd3 c5 6. c3 Nc6 7. Ne2 cxd4 8. cxd4
f6 9. exf6 Nxf6 10. Nf3 Bd6 11. O-O O-O 12. Bf4 Bxf4 13. Nxf4 Ne4 14. g3 Qf6
15. h4 h6 16. Ne5 Nxd4 17. Ng4 Qd8 18. Bxe4 dxe4 19. Nxh6+ Kh7 20. Qh5 Qe8 21.
Nf7+ Kg8 22. Ng6 Nf3+ 23. Kg2 Kxf7 24. Nxf8+ Kxf8 25. Qh8+ Kf7 26. Qh5+ Kf8 27.
Qh8+ Kf7 28. Qh5+ Kf8 1/2-1/2

[Event "V Open"]
[Site "Cattolica ITA"]
[Date "1994.??.??"]
[Round "?"]
[White "Godena, Michele"]
[Black "Nicevski, Risto"]
[WhiteElo "2480"]
[BlackElo "2380"]
[Result "1-0"]
[PlyCount "69"]
[EventDate "1994.??.??"]

1. e4 e6 2. d4 d5 3. Nd2 dxe4 4. Nxe4 Be7 5. Nf3 Nf6 6. Bd3 Nxe4 7. Bxe4 Nd7 8.
Qe2 a6 9. c3 c5 10. O-O cxd4 11. Nxd4 Qc7 12. Re1 O-O 13. Bc2 Bf6 14. Qe4 g6
15. Bh6 Re8 16. Rad1 Bg7 17. Qh4 Nf8 18. Rd3 Bd7 19. Rf3 Bxh6 20. Qxh6 e5 21.
Bb3 Re7 22. Qg5 Rae8 23. Qf6 Ba4 24. Nf5 gxf5 25. Bxa4 b5 26. Rg3+ Ng6 27. Bb3
f4 28. Rg5 Rd7 29. h4 Rd6 30. Qf5 e4 31. h5 e3 32. fxe3 Qa7 33. hxg6 hxg6 34.
Rxg6+ Rxg6 35. Qxg6+ 1-0

[Event "V Open"]
[Site "Cattolica ITA"]
[Date "1994.??.??"]
[Round "?"]
[White "Malaniuk, Vladimir P."]
[Black "Aseev, Konstantin N."]
[WhiteElo "2595"]
[BlackElo "2545"]
[Result "1-0"]
[PlyCount "81"]
[EventDate "1994.??.??"]

1. d4 Nf6 2. Nf3 e6 3. Bg5 c5 4. e3 Qb6 5. Nbd2 Qxb2 6. Bd3 Qc3 7. O-O d5 8.
Bxf6 gxf6 9. dxc5 Nd7 10. e4 Qxc5 11. Rb1 a6 12. Qe2 dxe4 13. Nxe4 Qa5 14. Nd4
Be7 15. Rfe1 Kf8 16. Nb3 Qc7 17. Qh5 h6 18. Ng3 Ne5 19. Nd4 Rb8 20. Bf1 f5 21.
Qe2 Ng4 22. h3 Nf6 23. Qd2 Bd7 24. Rb3 Rc8 25. c4 Rd8 26. Qb2 Bc8 27. Nh5 Nxh5
28. Nxe6+ fxe6 29. Qxh8+ Kf7 30. Qxh6 Nf6 31. Rg3 Rg8 32. Rxg8 Nxg8 33. Qh7+
Kf8 34. Re3 Bd6 35. Qh5 Nf6 36. Qh8+ Kf7 37. Be2 b5 38. g4 Bf4 39. g5 Bxg5 40.
Rg3 Ne4 41. Qh7+ 1-0

[Event "V Open"]
[Site "Cattolica ITA"]
[Date "1994.??.??"]
[Round "?"]
[White "Naumkin, Igor"]
[Black "Zagrebelny, Sergey"]
[WhiteElo "2455"]
[BlackElo "2510"]
[Result "1-0"]
[PlyCount "87"]
[EventDate "1994.??.??"]

1. d4 Nf6 2. c4 e6 3. Nf3 b6 4. g3 Bb7 5. Bg2 Be7 6. Nc3 Ne4 7. Bd2 Bf6 8. O-O
O-O 9. Rc1 c5 10. d5 exd5 11. cxd5 Nxd2 12. Nxd2 d6 13. Nde4 Be5 14. Qd2 Ba6
15. Rfe1 g6 16. f4 Bd4+ 17. e3 Bg7 18. a4 Qe7 19. g4 h6 20. Qf2 Nd7 21. Qg3 Bd3
22. b3 c4 23. bxc4 Rac8 24. Red1 Bxc4 25. Nb5 Bb3 26. Nxa7 Rxc1 27. Rxc1 Nc5
28. Nc6 Qd7 29. Nxc5 bxc5 30. a5 c4 31. e4 g5 32. e5 gxf4 33. Qxf4 dxe5 34. Qf5
Qd6 35. Be4 Re8 36. Rf1 f6 37. a6 c3 38. a7 Qc5+ 39. Qf2 Bf8 40. Nb8 Qb4 41.
Nd7 Bg7 42. Qf5 Qd4+ 43. Kh1 Bxd5 44. Nxf6+ 1-0

[Event "V Open"]
[Site "Cattolica ITA"]
[Date "1994.??.??"]
[Round "3"]
[White "Godena, Michele"]
[Black "Novikov, Igor A."]
[WhiteElo "2480"]
[BlackElo "2565"]
[Result "1-0"]
[PlyCount "55"]
[EventDate "1994.??.??"]

1. e4 c5 2. c3 d5 3. exd5 Qxd5 4. d4 Nf6 5. Nf3 e6 6. Be3 Nc6 7. a3 Ng4 8. Bc1
Be7 9. Be2 cxd4 10. cxd4 Nf6 11. Nc3 Qd6 12. O-O O-O 13. Be3 b6 14. Qd2 Bb7 15.
Rac1 Rac8 16. Rfd1 Rfd8 17. Bf4 Qd7 18. Bb5 Bd6 19. Bg5 Qe7 20. Qe2 h6 21. Bh4
Na5 22. Ba6 g5 23. Bg3 Bxg3 24. hxg3 Nb3 25. Rb1 g4 26. Bxb7 Qxb7 27. Nh2 h5
28. Qb5 1-0

[Event "V Open"]
[Site "Cattolica ITA"]
[Date "1994.??.??"]
[Round "4"]
[White "Wojtkiewicz, Aleksander"]
[Black "Godena, Michele"]
[Result "1-0"]
[WhiteElo "2555"]
[BlackElo "2480"]
[PlyCount "47"]
[EventDate "1994.??.??"]

1. Nf3 d5 2. d4 Nf6 3. c4 c6 4. Nc3 a6 5. c5 Nbd7 6. Bf4 Nh5 7. Bd2 Nhf6 8. h3
g6 9. Bf4 Bg7 10. e3 Ne4 11. Nxe4 dxe4 12. Ng5 e5 13. dxe5 Qa5+ 14. Qd2 Qxd2+
15. Kxd2 Nxc5 16. Rc1 Bf8 17. Bc4 Be6 18. Nxe6 fxe6 19. Rhd1 b5 20. Be2 O-O-O+
21. Kc2 Be7 22. b4 Rxd1 23. Rxd1 Nd3 24. Bg4 1-0

[Event "V Open"]
[Site "Cattolica ITA"]
[Date "1994.??.??"]
[Round "9"]
[White "Sax, Gyula"]
[Black "Forintos, Gyozo Victor"]
[WhiteElo "2520"]
[BlackElo "2445"]
[Result "1/2-1/2"]
[PlyCount "22"]
[EventDate "1994.??.??"]

1. e4 e5 2. Nf3 Nf6 3. Nxe5 d6 4. Nf3 Nxe4 5. Qe2 Qe7 6. Nc3 Nxc3 7. Qxe7+ Bxe7
8. dxc3 Nc6 9. Bf4 Bg4 10. Be2 O-O 11. O-O-O Rfc8 1/2-1/2

[Event "Trofeo Cristoforo Colombo"]
[Site "Genova ITA"]
[Date "1994.??.??"]
[Round "?"]
[White "Di Paolo, Raffaele"]
[Black "Nurkic, Sahbaz"]
[WhiteElo "2220"]
[BlackElo "2435"]
[Result "1-0"]
[PlyCount "83"]
[EventDate "1994.??.??"]

1. e4 c5 2. Nc3 Nc6 3. f4 g6 4. Nf3 Bg7 5. Bc4 d6 6. d3 e6 7. f5 exf5 8. O-O
Nf6 9. Qe1 Kf8 10. exf5 d5 11. Bb3 Bxf5 12. Bg5 Qd6 13. Nb5 Qe7 14. Qf2 h6 15.
Rae1 Be6 16. Bf4 Kg8 17. Bd6 Qd7 18. Bxc5 b6 19. Bd4 a6 20. Bxf6 Bxf6 21. Nbd4
Nxd4 22. Nxd4 Bxd4 23. Qxd4 Qd6 24. Qf6 Ra7 25. d4 Kh7 26. Re5 Rd8 27. c3 Qe7
28. Qf4 Kg7 29. Bc2 Raa8 30. Rf3 b5 31. Rh3 Rh8 32. Rg3 Qf6 33. Qe3 Rhe8 34.
Rf3 Qh4 35. Rg3 Qf6 36. Qe1 a5 37. Rf3 Qe7 38. Rfe3 Qf6 39. Bb3 Red8 40. Rf3
Bf5 41. Bxd5 Rac8 42. g4 1-0

[Event "Open"]
[Site "Ischia ITA"]
[Date "1994.??.??"]
[Round "?"]
[White "Accardo, Francesco"]
[Black "Tassi, Oliviero"]
[Result "0-1"]
[WhiteElo "1751"]
[BlackElo "2320"]
[PlyCount "70"]
[EventDate "1994.??.??"]

1. e4 c5 2. Nc3 e6 3. f4 d5 4. Nf3 d4 5. Ne2 Nc6 6. Ng3 Qb6 7. a4 a6 8. Bc4 Nf6
9. O-O Bd7 10. d3 Na5 11. Ba2 h5 12. f5 h4 13. fxe6 fxe6 14. Ne2 Ng4 15. Nf4
O-O-O 16. Ng6 Bd6 17. e5 Bc7 18. h3 Ne3 19. Bxe3 dxe3 20. Nxh8 Rxh8 21. Qe2
Qxb2 22. Qxe3 Nc6 23. c3 Qxc3 24. Rfc1 Qb4 25. Bc4 Kb8 26. Qg5 Rg8 27. Rcb1 Qa5
28. Rb3 Nd4 29. Nxd4 cxd4 30. Qe7 Qxe5 31. Bxa6 Bc6 32. Rab1 Qh2+ 33. Kf1 Qxg2+
34. Ke1 Bg3+ 35. Kd1 Bf3+ 0-1

[Event "Open"]
[Site "Ischia ITA"]
[Date "1994.??.??"]
[Round "?"]
[White "Ambrosio, Giuseppe"]
[Black "Kozak, Milos"]
[Result "0-1"]
[WhiteElo "1908"]
[BlackElo "2270"]
[PlyCount "38"]
[EventDate "1994.??.??"]

1. d4 d5 2. Nf3 Nf6 3. c4 c6 4. e3 e6 5. Nc3 Nbd7 6. Qc2 Bd6 7. b3 O-O 8. Bb2
Qe7 9. Be2 b6 10. O-O Bb7 11. e4 Nxe4 12. Nxe4 dxe4 13. Qxe4 Rad8 14. Rad1 f5
15. Qd3 c5 16. Ne5 cxd4 17. Bxd4 f4 18. Qc3 Nxe5 19. Bxe5 Qg5 0-1

[Event "Open"]
[Site "Ischia ITA"]
[Date "1994.??.??"]
[Round "?"]
[White "Ambrosio, Giuseppe"]
[Black "La Gatta, Giovanni"]
[WhiteElo "1908"]
[BlackElo "2037"]
[Result "1-0"]
[PlyCount "39"]
[EventDate "1994.??.??"]

1. d4 Nf6 2. Nf3 e6 3. e3 b6 4. Bd3 Bb7 5. O-O Be7 6. c4 O-O 7. Nc3 d5 8. cxd5
exd5 9. b3 Nbd7 10. Bb2 c5 11. Re1 Ne4 12. Ne2 Bf6 13. Ng3 g6 14. Qe2 Re8 15.
Rad1 Qe7 16. Bb5 Red8 17. Ba3 Rac8 18. Nd2 Nxg3 19. hxg3 Bxd4 20. exd4 1-0

[Event "Open"]
[Site "Ischia ITA"]
[Date "1994.??.??"]
[Round "?"]
[White "Auletta, Angelo"]
[Black "Baccaro, Franco"]
[Result "0-1"]
[WhiteElo "2210"]
[BlackElo "1914"]
[PlyCount "50"]
[EventDate "1994.??.??"]

1. e4 e6 2. d4 d5 3. Nc3 Nf6 4. Bg5 Bb4 5. e5 h6 6. Bd2 Bxc3 7. bxc3 Ne4 8. Bd3
Nxd2 9. Qxd2 c5 10. Nf3 Nc6 11. h4 Qa5 12. h5 b6 13. Rh4 Ba6 14. Bxa6 Qxa6 15.
Rg4 Rg8 16. dxc5 bxc5 17. Qxh6 gxh6 18. Rxg8+ Ke7 19. Rxa8 Qb7 20. Rh8 Qb2 21.
Rd1 Qxc3+ 22. Kf1 Qxc2 23. Re1 d4 24. Rc8 Kd7 25. Rf8 Nd8 0-1

[Event "Open"]
[Site "Ischia ITA"]
[Date "1994.??.??"]
[Round "?"]
[White "Auletta, Angelo"]
[Black "Sacchini, Michele"]
[Result "1-0"]
[WhiteElo "2210"]
[BlackElo "2075"]
[PlyCount "39"]
[EventDate "1994.??.??"]

1. e4 c5 2. Nf3 Nc6 3. d4 cxd4 4. Nxd4 Qb6 5. Nb3 Nf6 6. Nc3 e6 7. Be3 Qc7 8.
f4 d6 9. Bd3 a6 10. a4 Be7 11. a5 Nd7 12. O-O O-O 13. Qh5 g6 14. Qh6 Re8 15. f5
Nce5 16. Be2 b5 17. axb6 Nxb6 18. f6 Bf8 19. Qh4 h5 20. Bxh5 1-0

[Event "Open"]
[Site "Ischia ITA"]
[Date "1994.??.??"]
[Round "?"]
[White "Baccaro, Franco"]
[Black "Murgia, Andrea"]
[Result "1-0"]
[WhiteElo "1914"]
[BlackElo "2230"]
[PlyCount "99"]
[EventDate "1994.??.??"]

1. d4 d5 2. Nf3 Nf6 3. e3 Bg4 4. Nbd2 e6 5. h3 Bh5 6. c4 c6 7. Qb3 Qb6 8. Ne5
Qxb3 9. Nxb3 Bb4+ 10. Bd2 Bxd2+ 11. Nxd2 Nbd7 12. g4 Bg6 13. Nxg6 hxg6 14. Bg2
O-O-O 15. O-O-O Nb6 16. b3 Rhe8 17. f4 Kb8 18. Kc2 dxc4 19. bxc4 Re7 20. Rb1
Rc7 21. a4 Nc8 22. g5 Ng8 23. Ne4 Nd6 24. Nc5 Kc8 25. Kc3 Ne7 26. e4 b6 27. Na6
Rb7 28. Rb2 Kd7 29. e5 Ndf5 30. Nc5+ Kc7 31. Nxb7 Kxb7 32. Rd2 Ne3 33. Bf3 Kc7
34. Rd3 N3f5 35. Rhd1 a5 36. d5 exd5 37. cxd5 cxd5 38. Bxd5 Nxd5+ 39. Rxd5 Rh8
40. Rd7+ Kc8 41. Rxf7 Rxh3+ 42. Rd3 Rh8 43. Kc4 Rh4 44. Rf3 Rh1 45. Rc3 Rb1 46.
Kd5+ Kd8 47. Rd3 Rb4 48. Ra7 Kc8 49. Kc6 Kb8 50. Rb7+ 1-0